La partnership y la limited partnership en Inglaterra y los Estados Unidos
Enregistré dans:
| Auteur principal: | |
|---|---|
| Format: | Livre |
| Langue: | espagnol |
| Publié: |
Barcelona
Consejo Superior de Investigaciones Científicas
1955
|
| Collection: | Textos Legales Extranjeros
|
| Sujets: | |
| Tags: |
Ajouter un tag
Pas de tags, Soyez le premier à ajouter un tag!
|
MARC
| LEADER | 00000nam a2200000 a 4500 | ||
|---|---|---|---|
| 001 | UCS3290 | ||
| 003 | CL-VaPUC | ||
| 008 | 970620e19550000SP |||||||||||||||||spa|d | ||
| 082 | 0 | 4 | |a 338.73 |b SOL |2 21 |
| 100 | 0 | |a Solá Cañizares, Felipe de |e author |9 389282 | |
| 245 | 1 | 3 | |a La partnership y la limited partnership en Inglaterra y los Estados Unidos |
| 300 | |a 58 p | ||
| 942 | |c BK | ||
| 945 | |d 19970620 00:00:00 |a lriquelm | ||
| 260 | |a Barcelona |b Consejo Superior de Investigaciones Científicas |c 1955 | ||
| 650 | 0 | |a Sociedades |9 259052 | |
| 650 | 0 | |a Derecho comparado |9 255664 | |
| 650 | 7 | |a SOCIOS |2 CL-VaPUC |9 380861 | |
| 650 | 7 | |a LEY |2 CL-VaPUC |9 389283 | |
| 650 | 0 | |a Normas jurídicas |9 258310 | |
| 651 | 0 | |a Inglaterra |9 255158 | |
| 651 | 0 | |a Estados Unidos |9 255178 | |
| 583 | |a last modification |c 19970620 00:00:00 |k Rodrigo Vera | ||
| 490 | 0 | |a Textos Legales Extranjeros | |
| 999 | |c 261032 |d 261030 | ||
| 952 | |0 0 |1 0 |2 ddc |4 0 |6 338_730000000000000_SOL_1955 |7 0 |8 A |9 287792 |a BIBDER |b BIBDER |d 2019-11-19 |i 1866893 |o 338.73 SOL 1955 |p 1866893 |r 2023-01-25 |w 2019-11-19 |y MX |k DER | ||